MARC

LEADER 00000nam0a2200000 4500
001 340095
005 20231101033011.0
035 |a (RuTPU)RU\TPU\book\366663 
090 |a 340095 
100 |a 20180212d1972 k y0rusy50 ca 
101 0 |a rus 
102 |a RU 
105 |a a z 001zy 
200 1 |a Физико-химические основы производства искусственных и синтетических волокон  |e [монография]  |f С. П. Папков 
210 |a Москва  |c Химия  |d 1972 
215 |a 312 с.  |c ил. 
225 1 |a Химические волокна 
320 |a Библиография в конце глав 
320 |a Предметный указатель: с. 308-312 
606 1 |a Волокно химическое  |x Производство  |2 stltpush  |3 (RuTPU)RU\TPU\subj\3621 
610 1 |a волокнообразующие полимеры 
610 1 |a свойства 
610 1 |a регулирование 
610 1 |a методы 
610 1 |a характеристики 
610 1 |a растворы 
610 1 |a расплавы 
610 1 |a реология 
610 1 |a приготовление 
610 1 |a формование 
610 1 |a жидкие нити 
610 1 |a отверждение 
610 1 |a структура 
610 1 |a методы исследования 
675 |a 677.4  |v 4 
700 1 |a Папков  |b С. П.  |g Сергей Прокофьевич 
801 1 |a RU  |b 63413507  |c 20180212 
801 2 |a RU  |b 63413507  |c 20180213  |g RCR 
942 |c BK